000 00783 a2200193 4500
003 Nust
005 20221227130945.0
010 _a 86214634
020 _a0500013772 :
040 _cNust
082 0 0 _a355.02,ANJ
100 1 _a Anjum .M. H
_9106053
245 1 0 _aStrong points with famous Battles /
_cMaj M.H. Anjum Aec
260 _a Rawalpindi
_b Army Education Press
_cc1985.
300 _a598:p :
_bill. ;
_c23 cm.
505 _aIntroduction to Fortifications (Page-1), Ancient and Mediaeval Fortifications (Page-32), Field Fortifications (Page-49), Development of For tifications of world War II (Page-49), Development of Fortifications in Pakistan (Page-70) Fortfication in the Limited Wars (Page-84).
650 _aStrong points
_9106054
942 _2ddc
_cBK
_k355.02,ANJ
999 _c185122
_d185122